Textos de España antigua (Record no. 183291)
[ view plain ]
| 000 -LEADER | |
|---|---|
| campo de control de longitud fija | 00654nam a22001935i 4500 |
| 001 - NÚMERO DE CONTROL | |
| campo de control | 183291 |
| 003 - IDENTIFICADOR DE NÚMERO DE CONTROL | |
| campo de control | ES-MaACL |
| 005 - FECHA Y HORA DE LA ÚLTIMA TRANSACCIÓN | |
| campo de control | 20230906221845.0 |
| 008 - DATOS DE LONGITUD FIJA--INFORMACIÓN GENERAL | |
| campo de control de longitud fija | 140206s1989 sp | |||| ||spa d |
| 020 ## - NÚMERO INTERNACIONAL ESTÁNDAR DEL LIBRO | |
| Número Internacional Estándar del Libro | 84-7719-165-4 |
| 080 ## - NÚMERO DE LA CLASIFICACIÓN DECIMAL UNIVERSAL | |
| Número de la Clasificación Decimal Universal | 946.0".../414"(093) |
| 245 00 - MENCIÓN DEL TÍTULO | |
| Título | Textos de España antigua |
| Resto del título | : selección y comentarios / |
| Mención de responsabilidad, etc. | Manuel Abilio Rabanal Alonso. |
| 260 ## - PUBLICACIÓN, DISTRIBUCIÓN, ETC. | |
| Lugar de publicación, distribución, etc. | León : |
| Nombre del editor, distribuidor, etc. | Universidad, Secretariado de Publicaciones, |
| Fecha de publicación, distribución, etc. | D.L. 1989. |
| 300 ## - DESCRIPCIÓN FÍSICA | |
| Extensión | 215 p. ; |
| Dimensiones | 21 cm. |
| 504 ## - NOTA DE BIBLIOGRAFÍA, ETC. | |
| Nota de bibliografía, etc. | Bibliografía: p. 199-215. |
| 651 #4 - PUNTO DE ACCESO ADICIONAL DE MATERIA--NOMBRE GEOGRÁFICO | |
| Nombre geográfico | España- |
| Subdivisión general | Historia- |
| Subdivisión cronológica | Hasta 414. |
| 9 (RLIN) | 148016 |
| 700 0# - ENTRADA AGREGADA--NOMBRE PERSONAL | |
| Nombre de persona | Rabanal Alonso, Manuel Abilio. |
| 9 (RLIN) | 94835 |
| 852 ## - LOCALIZACIÓN | |
| Ubicación | ES-MaACL |
| Número de control de estantería | L-30038 |
| Estatus retirado | Estado de pérdida | Estado de daño | No para préstamo | Biblioteca de origen | Biblioteca actual | Ubicación en estantería | Fecha de adquisición | Fuente de adquisición | Total de préstamos | Signatura topográfica completa | Código de barras | Visto por última vez | Precio de reemplazo | Tipo de ítem Koha |
|---|---|---|---|---|---|---|---|---|---|---|---|---|---|---|
| Biblioteca del Ateneo de Madrid | Biblioteca del Ateneo de Madrid | Depósito 2 | 06/02/2014 | L-30038 | 1192642 | 23/02/2023 | 23/02/2023 | Libro impreso |
